Library of the University of Algiers 3
Ibrahim Sultan Cheibout
شعار جامعة الجزائر 3
مكتبة جامعة الجزائر 3
إبراهيم سلطان شيبوط

النقود والتوازن الإقتصادي / (رقم التسجيلة. 46169)

تفاصيل مارك
000 -LEADER
fixed length control field 01408nam a2200217Ia 4500
003 - CONTROL NUMBER IDENTIFIER
control field Ost
005 - DATE AND TIME OF LATEST TRANSACTION
control field 20260507075743.0
008 - FIXED-LENGTH DATA ELEMENTS--GENERAL INFORMATION
fixed length control field 260507s9999||||xx |||||||||||||| ||und||
040 ## - CATALOGING SOURCE
Transcribing agency fsecg
041 ## - LANGUAGE CODE
Language code of text/sound track or separate title ara
082 ## - DEWEY DECIMAL CLASSIFICATION NUMBER
Classification number 330
100 ## - MAIN ENTRY--PERSONAL NAME
Personal name مصطفى، أحمد فريد
Relator term مؤلف
245 #0 - TITLE STATEMENT
Title النقود والتوازن الإقتصادي /
Statement of responsibility, etc. أحمد فريد مصطفى
260 ## - PUBLICATION, DISTRIBUTION, ETC.
Place of publication, distribution, etc. الإسكندرية:
Name of publisher, distributor, etc. مؤسسة شباب الجامعة,
Date of publication, distribution, etc. 2000
300 ## - PHYSICAL DESCRIPTION
Extent 361 صفحة؛
Other physical details إيضاحات ؛
Dimensions 25 سم
520 ## - SUMMARY, ETC.
Summary, etc. النقود أشكالها التاريخية وتطورها- طبيعة النقود وماهيتها- الوظائف الإقتصادية للنقود- التقسيم النوعي للنقود- أثر النقود على المتغيرات الإقتصادية- النيوكلاسيك والطلب على النقود- التحليل النقدي لدالة الطلب على النقود- العوامل المحددة لكمية النقود- المناهج والنظريات المختلفة للتوازن الإقتصادي- نماذج التوازن- أنظمة والسياسات النقدية- الجهاز المصرفي- سوق المال( بورصة الاوراق المالية).
653 ## - INDEX TERM--UNCONTROLLED
Uncontrolled term التوازن الإقتصادي
653 ## - INDEX TERM--UNCONTROLLED
Uncontrolled term النقود
700 ## - ADDED ENTRY--PERSONAL NAME
Personal name حسن، سهير محمد السيد
Relator term مؤلف ثانوي
942 ## - ADDED ENTRY ELEMENTS (KOHA)
Koha item type كتب
المقتنيات
Withdrawn status Lost status Source of classification or shelving scheme Damaged status Not for loan Home library Current library Date acquired Serial enumeration / chronology Inventory number Total checkouts Full call number Barcode Date last seen Price effective from Koha item type
    Library of Congress Classification   NOT LOAN / إعارة داخلية مكتبة كلية العلوم الإقتصادية والعلوم التجارية وعلوم التسيير مكتبة كلية العلوم الإقتصادية والعلوم التجارية وعلوم التسيير 07/05/2026 الطابق الأرضي 1329/1   أ/1329ن1 1329/1 07/05/2026 07/05/2026 كتب
    Dewey Decimal Classification   Available مكتبة كلية العلوم الإقتصادية والعلوم التجارية وعلوم التسيير مكتبة كلية العلوم الإقتصادية والعلوم التجارية وعلوم التسيير 07/05/2026 الطابق الثاني 1329/2   أ/1329ن2 1329/2 07/05/2026 07/05/2026 كتب

موارد الويب المفتوحة


© University of Algiers 3 All Rights Reserved
|
Implemented by LECHELAH Riad